| 000 | 00419nam a22001697a 4500 | ||
|---|---|---|---|
| 003 | OSt | ||
| 008 | 230124b ||||| |||| 00| 0 eng d | ||
| 020 | _a978812656975 | ||
| 082 | _a658.8 PRM | ||
| 100 | _aPADVEEN,Corey | ||
| 245 | _aMarketing to Millennials for Dummies | ||
| 250 | _aRep | ||
| 260 |
_aNew Delhi _bWiley _c2017 |
||
| 300 | _a336 | ||
| 650 | _aMarketing to Millennials for dummies | ||
| 942 |
_2ddc _cREF |
||
| 999 |
_c11724 _d11724 |
||